El Alcázar de Segovia : (Record no. 158132)

MARC details
000 -LEADER
campo de control de longitud fija 00649nam a22001815i 4500
001 - NÚMERO DE CONTROL
campo de control 158132
003 - IDENTIFICADOR DE NÚMERO DE CONTROL
campo de control ES-MaACL
005 - FECHA Y HORA DE LA ÚLTIMA TRANSACCIÓN
campo de control 20230906211029.0
008 - DATOS DE LONGITUD FIJA--INFORMACIÓN GENERAL
campo de control de longitud fija 990301s1861 sp a |||| | spa d
100 1# - ENTRADA PRINCIPAL--NOMBRE DE PERSONA
Nombre de persona Losáñez, José.
9 (RLIN) 129091
245 13 - MENCIÓN DEL TÍTULO
Título El Alcázar de Segovia :
Resto del título obra dedicada al Cuerpo Nacional de Artillería /
Mención de responsabilidad, etc. por José Losáñez.
260 ## - PUBLICACIÓN, DISTRIBUCIÓN, ETC.
Lugar de publicación, distribución, etc. Segovia :
Nombre del editor, distribuidor, etc. [s.n.],
Fecha de publicación, distribución, etc. 1861 (
Fabricante Imp. de Pedro Ondero)
300 ## - DESCRIPCIÓN FÍSICA
Extensión 301 p., [6] h. de lám. ;
Dimensiones 16 cm.
610 24 - PUNTO DE ACCESO ADICIONAL DE MATERIA--NOMBRE DE ENTIDAD CORPORATIVA
Nombre de entidad corporativa o nombre de jurisdicción como elemento de entrada Alcazar de Segovia.
9 (RLIN) 144546
651 #4 - PUNTO DE ACCESO ADICIONAL DE MATERIA--NOMBRE GEOGRÁFICO
Nombre geográfico Segovia-
Subdivisión general Edificios, estructuras, etc.
9 (RLIN) 144548
752 ## - ENTRADA AGREGADA--NOMBRE JERÁRQUICO DEL LUGAR
País o entidad superior España -
Ciudad Segovia
852 4# - LOCALIZACIÓN
Ubicación ES-MaACL
Número de control de estantería G-11155
Nota libre - Enc. hol.
Holdings
Estatus retirado Estado de pérdida Estado de daño No para préstamo Colección Biblioteca de origen Biblioteca actual Ubicación en estantería Fecha de adquisición Fuente de adquisición Total de préstamos Signatura topográfica completa Código de barras Visto por última vez Precio de reemplazo Tipo de ítem Koha
        Libros del s. XIX Biblioteca del Ateneo de Madrid Biblioteca del Ateneo de Madrid Sala Pecera Planta 3 17/01/2008     G-11155 1165500 23/02/2023 23/02/2023 Libro impreso antiguo